| 000 | 03080nam a22003377i 4500 | ||
|---|---|---|---|
| 001 | TCPA 27 | ||
| 003 | gtcocun | ||
| 005 | 20250912222247.0 | ||
| 006 | a||||gr|||| 00| 0 | ||
| 008 | 250912b2016 gt ||||| m||| 00| 0 eng d | ||
| 040 |
_agtcocun _bSPA _cgtcocun _eRDA |
||
| 041 | _aSPA | ||
| 084 | _0TCPA 27 | ||
| 100 |
_aCoy Rax, Hector René _eAutor |
||
| 245 |
_aInforme final del Ejercicio Profesional Supervisado, realizado en la Municipalidad de San Juan Chamelco, Alta Verapaz/ _cHector René Coy Rax _hImpreso |
||
| 264 |
_aCobán, Alta Verapaz: _bUniversidad de San Carlos de Guatemala, Centro Universitario del Norte, Licenciatura en Contaduría Pública y Auditoría. _c2016 |
||
| 300 |
_a56 p.: _bIlustraciones, gráficas. _c28 cm; PDF |
||
| 336 |
_2rdacontenido _aTexto _btxt |
||
| 337 |
_2rdamedio _aComputadora _bn |
||
| 338 |
_2rdasoporte _aCódigo en línea _bcr |
||
| 502 | _e. | ||
| 502 | _e. | ||
| 502 |
_aTesis de grado _cUniversidad de San Carlos de Guatemala, Centro Universitario del Norte, |
||
| 502 |
_aTesis de grado _bLicenciatura en Contaduría Pública y Auditoría. _cUniversidad de San Carlos de Guatemala, Centro Universitario del Norte, Licenciatura en Contaduría Pública y Auditoría. _d2016 _oTCPA 27 |
||
| 520 | 1 | 4 | _aLa Universidad de San Carlos de Guatemala, a través del Centro Universitario del Norte, establece como requisito indispensable la realización del Ejercicio Profesional Supervisado, en la carrera de Contaduría Pública y Auditoría, previo a optar al título universitario en el grado de licenciatura. Por ello, el Ejercicio Profesional Supervisado, fue realizado en la municipalidad de San Juan Chamelco, Alta Verapaz, ya que, dicha institución, es la encargada de promover diferentes actividades económicas, sociales, culturales y el desarrollo de servicios públicos para optimizar la calidad de vida de los habitantes del municipio. En el desarrollo del Ejercicio Profesional Supervisado, se realizó una investigación sobre las características generales y la problemática socioeconómica de las comunidades urbanas y rurales del municipio de San Juan Chamelco, en la que, se priorizaron los temas de desempleo, la poca importancia para atraer la inversión en actividades agropecuarias y el monocultivo. Del análisis de la problemática seleccionada, se procedió a la formulación de propuestas de inversión en actividades pecuarias como la crianza y comercialización de pollos de engorde, y agrícolas como el cultivo de repollo y brócoli, con el apoyo del Comité Promotor de acuerdos para el desarrollo multisectorial del sector cafetalero de las Verapaces, incentivado por el Instituto Italo Latinoamericano (IILA). |
| 650 | 1 | 4 |
_2LEMB _aSan Juan Chamelco, Alta Verapaz _xDestace _xcomercializacion _xpollo _xbrócoli _xrepollo |
| 700 |
_aLic. Miguel Alberto Klug Caal _eAsesor |
||
| 856 |
_uhttps://drive.google.com/file/d/1hSdYlDB2EUh3T9-ED0SvKZ05TF5Dv2nu/view?usp=sharing _yPDF _zUn ejemplar en línea. |
||
| 942 |
_2ddc _cTES _iTCPA_27 _kClasificación _n0 _6TCPA__27 |
||
| 999 |
_c1827 _d1827 |
||